Los Funcionarios de la Diputación felicitan las pascuas a Don José María de Muller
Publicado:
San Jorge, núm. 76 (4t trimestre 1969), pàg 68 - 69 :
MARC
| LEADER | 00000nam a2200000Ia 4500 | ||
|---|---|---|---|
| 001 | |||
| 008 | 160829s9999 xx 000 0 cat d | ||
| 245 | |a Los Funcionarios de la Diputación felicitan las pascuas a Don José María de Muller | ||
| 260 | |a San Jorge, núm. 76 (4t trimestre 1969), pàg 68 - 69 | ||
| 610 | 1 | 0 | |a Barcelona (Catalunya : Província). |b Diputació |x Funcionaris i empleats |9 54684 |
| 650 | 0 | |a Nadal |9 23995 | |
| 650 | |a Muller i d'Abadal, Josep M. | ||
| 901 | |a Arxiu | ||
| 942 | |n 1 | ||
| 952 | |0 0 |1 0 |4 0 |7 1 |9 49575 |a Arxiu |b Arxiu |d 2016-12-01 |l 0 |r 2016-12-01 00:00:00 |w 2016-12-01 |y ARXIU | ||
| 999 | |c 53417 |d 53417 | ||